| 000 | 00850nac a22002171u 4500 | ||
|---|---|---|---|
| 010 | _a 99089272 | ||
| 020 | _a0814405703 : | ||
| 082 | 0 | 0 |
_a338.04 _bLOC |
| 090 |
_c8525 _d8525 |
||
| 100 | _aLocke, Edwin A. | ||
| 245 | 1 | 4 |
_aThe prime movers : traits of the great wealth creators / _btraits of the great wealth creators / _cEdwin A. Locke. |
| 260 |
_aNew York : _bAMACOM,2000. _cc2000. |
||
| 300 |
_axi, 228 p. ; _c24 cm. |
||
| 500 | _aDistributer: Al-Ahram | ||
| 504 | _aIncludes bibliographical references and indexes. | ||
| 511 | _aCatalogued by: Sara | ||
| 650 | 0 |
_aEntrepreneurship _xPsychological aspects. |
|
| 650 | 0 |
_aSuccess in business _xPsychological aspects. |
|
| 942 |
_cBB _k338.04LOC |
||
| 999 |
_c8525 _d8525 |
||